01680 a2200265 4500003000500000005001700005010001700022020002800039020003100067035002100098035002400119040000900143082001400152100001900166245008300185260005200268300003300320505081900353650003801172650002301210650005601233650003201289651001101321856008201332Nust20170207154050.0 a 2008000980 a0838909574 (alk. paper) a9780838909577 (alk. paper) a(OCoLC)180880673 a(OCoLC)ocn180880673 cNust00a027.809731 aAnderson, Dee.10aReading is funny! :motivating kids to read with riddles(E-BOOK)cDee Anderson. aChicago :bAmerican Library Association,c2009. axi, 216 p. :bill. ;c28 cm.0 aBulletin boards that promote reading -- Encouraging children to share riddles -- Games to play with riddles -- Using riddles for public relations -- Sharing riddles through puppets -- Do it yourself! : how to make up riddles and keep a riddle file -- Laugh lines : riddles about literacy -- Laughing at "our-shelves" : riddles about specific books -- The loony library : riddles for loony library bulletin boards and games -- Merry menagerie : riddles about animals and zoos -- "'Hoppy' birthday!" : riddles about birthdays -- Frightfully funny : riddles about creepy creatures -- "'Hoppy' holidays!" : riddles about holidays and seasons -- Fun(ny) and games : riddles about sports -- Talking turnips : riddles for talking turnip bulletin boards, games, and story -- Odds and ends : riddles about popular subjects. 0aReading promotionzUnited States. 0aRiddles, Juvenile. 0aSchool librariesxActivity programszUnited States. 0aWit and humor in education. aE-BOOK413Table of contents onlyuhttp://www.loc.gov/catdir/toc/ecip088/2008000980.html